00880nam a2200241Ia 4500001002100000003000900021008004100030040002300071041001300094100001700107245001400124250001100138260003100149300001900180490001600199501012400215520003400339700002000373942000700393957000600400999004200406952019000448851-FOS ug po (9657)IT-MiSPE171229s9999||||xx |||||||||||||| ||und|| aIT-MiSPEcIT-MiSPE aITALIANO aUgo Foscolo  0aLe poesie a8a ed. aCataniabEd. Paolinec1966 a137 p. c17 cm aMaestriv84 aEdizioni San Paolo srl - Piazza Soncino, 5 - 20092 CINISELLO BALSAMO (MI) (non commercial uses only) ® Copyright 2018 aGennaro Auletta (intr., com.) aGennaro Auletta cBK 71 a18067bNOg Copie: 1 c354035d354035 0010406851FOS_UG_PO_965771aCINISELLObCINISELLOd2017-12-30l0o851-FOS ug po (9657)r2017-12-30 00:00:00w2017-12-30yBKz(data import: 20 dicembre 2017) - By Epidotti, Vaglietti.